00438 2200181 4500245005700000020001700057250001100074100001600085700002100101700001800122650001000140005001900150260004200169041001400211084001000225300001200235336000900247 aPsychic Detective Yakumo Volume 2cOda, SuzukahText a978602215732 aCet. 1 aOda, Suzuka aKaminaga, Manabu aAswini Rosita aKomik a20230112145127 aJakartabGramedia Pustaka Utamac2012 aIndonesia a741.5 ailus. : atext